<?xml version="1.0" encoding="UTF-8"?>
<record
    xmlns:xsi="http://www.w3.org/2001/XMLSchema-instance"
    xsi:schemaLocation="http://www.loc.gov/MARC21/slim http://www.loc.gov/standards/marcxml/schema/MARC21slim.xsd"
    xmlns="http://www.loc.gov/MARC21/slim">

  <leader>00619nam a2200217Ia 4500</leader>
  <controlfield tag="005">20230503090004.0</controlfield>
  <controlfield tag="008">230125s9999    xx            000 0 und d</controlfield>
  <datafield tag="020" ind1=" " ind2=" ">
    <subfield code="a">81-314-0177-4</subfield>
  </datafield>
  <datafield tag="041" ind1=" " ind2=" ">
    <subfield code="a">eng</subfield>
  </datafield>
  <datafield tag="082" ind1=" " ind2=" ">
    <subfield code="a">658.312 44</subfield>
    <subfield code="b">RAJ</subfield>
  </datafield>
  <datafield tag="100" ind1=" " ind2=" ">
    <subfield code="a">Raju P V L</subfield>
    <subfield code="9">110192</subfield>
  </datafield>
  <datafield tag="245" ind1=" " ind2=" ">
    <subfield code="a">Strategic Human Resource Management  : An Introduction</subfield>
  </datafield>
  <datafield tag="250" ind1=" " ind2=" ">
    <subfield code="a">1st Ed.</subfield>
  </datafield>
  <datafield tag="260" ind1=" " ind2=" ">
    <subfield code="c">2006</subfield>
    <subfield code="b">ICFAI publication</subfield>
    <subfield code="a">Hyderabad</subfield>
  </datafield>
  <datafield tag="300" ind1=" " ind2=" ">
    <subfield code="a">220p</subfield>
  </datafield>
  <datafield tag="440" ind1=" " ind2=" ">
    <subfield code="a">ICFAI</subfield>
  </datafield>
  <datafield tag="500" ind1=" " ind2=" ">
    <subfield code="a">ICFAI Series Book;Strategic HRM
</subfield>
  </datafield>
  <datafield tag="650" ind1=" " ind2=" ">
    <subfield code="a">ICFAI Series Book;Strategic HRM</subfield>
    <subfield code="9">181350</subfield>
  </datafield>
  <datafield tag="700" ind1=" " ind2=" ">
    <subfield code="a">Raju P V L &amp; Ravinuthala N</subfield>
    <subfield code="9">112909</subfield>
  </datafield>
  <datafield tag="942" ind1=" " ind2=" ">
    <subfield code="c">BK</subfield>
  </datafield>
  <datafield tag="999" ind1=" " ind2=" ">
    <subfield code="c">89924</subfield>
    <subfield code="d">89924</subfield>
  </datafield>
  <datafield tag="952" ind1=" " ind2=" ">
    <subfield code="0">0</subfield>
    <subfield code="1">0</subfield>
    <subfield code="4">0</subfield>
    <subfield code="7">0</subfield>
    <subfield code="a">HIMR</subfield>
    <subfield code="b">HIMR</subfield>
    <subfield code="d">2015-06-18</subfield>
    <subfield code="e">Donated Book- Outside Donar</subfield>
    <subfield code="g">1.00</subfield>
    <subfield code="o">658.312 44 RAJ DB2018</subfield>
    <subfield code="p">HIMR-DB-2018</subfield>
    <subfield code="r">2023-01-25 00:00:00</subfield>
    <subfield code="v">1.00</subfield>
    <subfield code="w">2023-01-25</subfield>
    <subfield code="y">DB</subfield>
    <subfield code="z">DB2018</subfield>
  </datafield>
  <datafield tag="952" ind1=" " ind2=" ">
    <subfield code="0">0</subfield>
    <subfield code="1">0</subfield>
    <subfield code="4">0</subfield>
    <subfield code="7">0</subfield>
    <subfield code="a">HIMR</subfield>
    <subfield code="b">HIMR</subfield>
    <subfield code="d">2008-09-12</subfield>
    <subfield code="e">ICFAI press</subfield>
    <subfield code="g">425.00</subfield>
    <subfield code="i">417</subfield>
    <subfield code="l">0</subfield>
    <subfield code="o">658.312 44 RAJ B06744</subfield>
    <subfield code="p">HIMR-BK-6744</subfield>
    <subfield code="r">2023-01-25 00:00:00</subfield>
    <subfield code="v">340.00</subfield>
    <subfield code="w">2008-09-11</subfield>
    <subfield code="y">BK</subfield>
    <subfield code="z">B06744</subfield>
  </datafield>
  <datafield tag="952" ind1=" " ind2=" ">
    <subfield code="0">0</subfield>
    <subfield code="1">0</subfield>
    <subfield code="4">0</subfield>
    <subfield code="7">0</subfield>
    <subfield code="a">HIMR</subfield>
    <subfield code="b">HIMR</subfield>
    <subfield code="d">2008-09-12</subfield>
    <subfield code="e">ICFAI press</subfield>
    <subfield code="g">425.00</subfield>
    <subfield code="i">417</subfield>
    <subfield code="l">0</subfield>
    <subfield code="o">658.312 44 RAJ B06743</subfield>
    <subfield code="p">HIMR-BK-6743</subfield>
    <subfield code="r">2023-01-25 00:00:00</subfield>
    <subfield code="v">340.00</subfield>
    <subfield code="w">2008-09-11</subfield>
    <subfield code="y">BK</subfield>
    <subfield code="z">B06743</subfield>
  </datafield>
  <datafield tag="952" ind1=" " ind2=" ">
    <subfield code="0">0</subfield>
    <subfield code="1">0</subfield>
    <subfield code="4">0</subfield>
    <subfield code="7">0</subfield>
    <subfield code="a">HIMR</subfield>
    <subfield code="b">HIMR</subfield>
    <subfield code="d">2008-09-12</subfield>
    <subfield code="e">ICFAI press</subfield>
    <subfield code="g">425.00</subfield>
    <subfield code="i">417</subfield>
    <subfield code="l">0</subfield>
    <subfield code="o">658.312 44 RAJ B06742</subfield>
    <subfield code="p">HIMR-BK-6742</subfield>
    <subfield code="r">2023-01-25 00:00:00</subfield>
    <subfield code="v">340.00</subfield>
    <subfield code="w">2008-09-11</subfield>
    <subfield code="y">BK</subfield>
    <subfield code="z">B06742</subfield>
  </datafield>
</record>
